| 000 -ლიდერი |
| ფიქსირებული სიგრძის საკონტროლო ველი |
00952nam a2200217Ia 4500 |
| 001 - საკონტროლო ნომერი |
| საკონტროლო ველი |
5286 |
| 003 - საკონტროლო ნომრის იდენტიფიკატორი |
| საკონტროლო ველი |
GE_BSU |
| 005 - ბოლო ოპერაციის თარიღი და დრო |
| საკონტროლო ველი |
20190426175240.0 |
| 008 - ფიქსირებული სიგრძის მონაცემთა ელემენტები - ზოგადი ინფორმაცია |
| ფიქსირებული სიგრძის საკონტროლო ველი |
181216s1973||||ge |||||||||||||| ||geo|| |
| 040 ## - კატალოგიზაციის წყარო |
| Transcribing agency |
GE_BSU |
| 041 ## - ენის კოდი |
| Language code of text/sound track or separate title |
geo |
| 080 ## - უნივერსალური ათობითი კლასიფიკაციის ინდექსი |
| Universal Decimal Classification number |
691.328(075.8) წ-86 |
| 100 ## - მთავარი ჩანაწერი - პიროვნების სახელი |
| Personal name |
წულეისკირი, მ. |
| 9 (RLIN) |
497 |
| 245 ## - ცნობა სათაურის შესახებ |
| Title |
რკინაბეტონის ზოგადი კურსი : |
| Remainder of title |
სახელმძღვ. : |
| Statement of responsibility, etc |
მ. წულეისკირი ; რედ. გ. ქარცივაძე. |
| 264 ## - წარმოების, გამოცემის, დისტრიბუციის და სხვა ცნობები |
| გამოცემის, წარმოების, დისტრიბუციის... ადგილი |
თბილისი : |
| გამოცემის, წარმოების, დისტრიბუციის... სახელწოდება |
განათლება, |
| გამოცემის, წარმოების, დისტრიბუციის... თარიღი |
1973. |
| 300 ## - ფიზიკური აღწერა |
| Extent |
418 გვ. : |
| Other physical details |
ნახაზები, დანართები ; |
| Dimensions |
22 სმ. |
| 505 ## - FORMATTED CONTENTS NOTE |
| Formatted contents note |
ბიბლიოგრ. : გვ. 415-416. |
| 653 ## - INDEX TERM--UNCONTROLLED |
| Uncontrolled term |
რკინაბეტონის ზოგადი კურსი |
| 700 ## - ADDED ENTRY--PERSONAL NAME |
| Personal name |
ქარცივაძე, გ. |
| Relator term |
რედაქტორი |
| 9 (RLIN) |
439 |
| 942 ## - ADDED ENTRY ELEMENTS (KOHA) |
| Koha item type |
წიგნი |
| Source of classification or shelving scheme |
|